00764cam a22002534a 4500001000500000005001700005020001800022040002300040050001500063082001000078100002000088245004900108246002700157260003400184300004600218490003200264500002000296505000800316520006400324521002000388521002000408650004200428650004000470250620250513085228.0 a9780531292518 aDLCcDLCdDLCbeng00aTH9148.S5300a628.91 aShepherd, Jodie12aA day with firefighters /cby Jodie Shepherd3 aDay with fire fighters aNew York :bScholastic,c2013 a32 pages : bcolor illustrations ;c19 cm0 aRookie read-about community aIncludes index. aJ  aSimple text presents a short introduction to fire fighters. a470 bLexile  aJ bRaz-Plus  0aFire extinctionvJuvenile literature. 0aFire fightersvJuvenile literature.